书目信息 |
| 题名: |
基本建设技术经济学
|
|
| 作者: | 周祥源 编著 | |
| 分册: | ||
| 出版信息: | 北京 中国人民大学出版社 1986 |
|
| 页数: | 325页 | |
| 开本: | 20cm | |
| 丛书名: | ||
| 单 册: | ||
| 中图分类: | F283 | |
| 科图分类: | ||
| 主题词: | 基本建设-技术经济学 , 技术经济学-基本建设 | |
| 电子资源: | ||
| ISBN: | ||
| 000 | 00654nam0 2200241 45 | |
| 001 | 0186018571 | |
| 005 | 20060810112635.92 | |
| 010 | @dCNY1.85 | |
| 091 | @aCN@b4011.529 | |
| 100 | @a19900726d1986 em y0chiy0121 ea | |
| 101 | 0 | @achi |
| 102 | @aCN@b110000 | |
| 105 | @ay z 000yy | |
| 200 | 10 | @a基本建设技术经济学@Aji ben jian she ji shu jing ji xue@f周祥源编著 |
| 210 | @a北京@c中国人民大学出版社@d1986 | |
| 215 | @a325页@d20cm | |
| 606 | @a基本建设-技术经济学 | |
| 606 | @a技术经济学-基本建设 | |
| 690 | @aF283@v3 | |
| 701 | 0 | @a周祥源@Azhou xiang yuan@4编著 |
| 801 | 2 | @aCN@bNLC@c20060810 |
| 801 | 0 | @aCN@bTSSF |
| 905 | @a10447@dF283@e270 | |
| 基本建设技术经济学/周祥源编著.-北京:中国人民大学出版社,1986 |
| 325页;20cm |
| ISBN :CNY1.85 |
| ● |
| 相关链接 |
|
|
|
|
正题名:基本建设技术经济学
索取号:F283/270
 
预约/预借
| 序号 | 登录号 | 条形码 | 馆藏地/架位号 | 状态 | 备注 |
| 1 | 0448430 | 204484307 | 密集书库/ [索取号:F283/270] | 在馆 |